[Event "Druzynowe Mistrzostwa Polski - II Liga 2023"]
[Site "Jastrzebia Gora"]
[Date "1899-12-30"]
[Round "6.67"]
[White "Baum, Jonasz"]
[Black "Zysko, Jan"]
[Result "1-0"]
[WhiteTitle "IM"]
[BlackTitle "k+"]
[WhiteElo "2436"]
[BlackElo "2167"]

1. e4 c5 2. Nf3 d6 3. d4 cxd4 4. Nxd4 Nf6 5. Nc3 Nc6 6. Bc4 Qb6 7. Nb3 e6 8. Bf4
Ne5 9. Be2 Bd7 10. Qd2 Be7 11. O-O-O O-O 12. Be3 Qc7 13. f4 Nc4 14. Bxc4 Qxc4
15. e5 dxe5 16. fxe5 Nd5 17. Nxd5 exd5 18. Qxd5 Qxd5 19. Rxd5 Bc6 20. Rd2 Rfe8
21. Re1 Bd8 22. Bf4 Bb6 23. g3 h6 24. h4 a5 25. Nd4 Bxd4 26. Rxd4 a4 27. Rd6 Rad8
28. Red1 Rc8 29. R1d4 Bb5 30. b3 axb3 31. axb3 Rc3 32. Kb2 Rcc8 33. c4 Bc6 34.
Ka3 Ra8+ 35. Kb4 Rac8 36. g4 Bf3 37. Bg3 Re7 38. g5 hxg5 39. hxg5 Re6 40. Rxe6
fxe6 41. g6 Bh5 42. Rd7 Rb8 43. Bf2 b6 44. Re7 b5 45. Ba7 Ra8 46. cxb5 Bxg6 47.
b6 Be4 48. b7 1-0

[Event "Druzynowe Mistrzostwa Polski - II Liga 2023"]
[Site "Jastrzebia Gora"]
[Date "1899-12-30"]
[Round "6.68"]
[White "Solnicki, Michal"]
[Black "Sidorczuk, Pawel"]
[Result "0-1"]
[WhiteTitle "k"]
[BlackTitle "I+"]
[WhiteElo "2110"]
[BlackElo "2123"]

1. d4 Nf6 2. Nf3 g6 3. b4 e6 4. a3 a5 5. b5 d5 6. c4 dxc4 7. e3 c5 8. Bb2 Bg7 9.
Bxc4 O-O 10. O-O Nbd7 11. Qe2 b6 12. Rd1 Qe7 13. Nc3 Bb7 14. Na4 Ne4 15. Nd2 Nd6
16. dxc5 bxc5 17. Bxg7 Kxg7 18. e4 Rab8 19. Nc3 Qf6 20. Rac1 Ne5 21. Ba2 Rfd8
22. Nb3 c4 23. Nxa5 Nd3 24. Rc2 Nxe4 25. Nxb7 Nxc3 26. Rxc3 Nf4 27. Qe1 Rxd1 28.
Qxd1 Qxc3 29. Nd6 Rd8 30. g3 Rxd6 0-1

[Event "Druzynowe Mistrzostwa Polski - II Liga 2023"]
[Site "Jastrzebia Gora"]
[Date "1899-12-30"]
[Round "6.69"]
[White "Dalkowski, Rafal"]
[Black "Pettersson, Alexander"]
[Result "1-0"]
[WhiteTitle "k"]
[BlackTitle "I"]
[WhiteElo "2079"]
[BlackElo "1820"]

1. d4 d5 2. c4 e6 3. cxd5 exd5 4. Nc3 Nf6 5. Bg5 c6 6. Qc2 Be7 7. e3 h6 8. Bh4
O-O 9. Bd3 Re8 10. Nf3 Ne4 11. Bxe7 Qxe7 12. O-O Bf5 13. Rab1 Nd7 14. b4 Nxc3
15. Qxc3 Bxd3 16. Qxd3 a6 17. Qc2 Nb6 18. Ne5 f6 19. Nd3 Nc4 20. Rbe1 f5 21. a4
a5 22. b5 cxb5 23. axb5 b6 24. Nb2 Nxb2 25. Qxb2 Rac8 26. Rc1 Qd7 27. Qb3 Kh8
28. h4 Red8 29. Qa4 Rxc1 30. Rxc1 Qe7 31. Rc6 Rb8 32. Qb3 Qd7 33. Qc2 Rb7 34.
Rc8+ Kh7 35. Rc6 Kh8 36. Kf1 Kg8 37. h5 Kh8 38. g4 Qf7 39. Qxf5 Qxf5 40. gxf5
Kg8 41. Ke2 Kf7 42. Kd3 Ke7 43. f3 Rb8 44. e4 Rb7 45. e5 Kf7 46. Rd6 Ke7 47. Rxd5
Rd7 48. Rxd7+ Kxd7 49. d5 Ke7 50. Kc4 Kd7 51. d6 Kd8 52. f6 gxf6 53. exf6 Ke8
54. f4 1-0

[Event "Druzynowe Mistrzostwa Polski - II Liga 2023"]
[Site "Jastrzebia Gora"]
[Date "1899-12-30"]
[Round "6.70"]
[White "Chrzaszcz, Malvina"]
[Black "Haliniak, Wojciech"]
[Result "0-1"]
[WhiteTitle "k+"]
[BlackTitle "I"]
[WhiteElo "1962"]
[BlackElo "1870"]

1. e4 Nf6 2. e5 Nd5 3. d4 d6 4. c4 Nb6 5. exd6 cxd6 6. Nf3 g6 7. Nc3 Bg7 8. Be3
O-O 9. Be2 Nc6 10. Qd2 d5 11. c5 Nc4 12. Bxc4 dxc4 13. d5 Nb4 14. O-O Bf5 15.
a3 Nc2 16. Rac1 Nxe3 17. Qxe3 Bxc3 18. Rxc3 Qxd5 19. Qxe7 Rac8 20. Nh4 Bd3 21.
Rd1 Rfe8 22. Qf6 Qxc5 23. h3 Rc6 24. Qf4 Re4 25. Qb8+ Kg7 26. Rdxd3 Re1+ 27. Kh2
Qxf2 28. Rd8 Qxh4 29. Rg8+ Kh6 30. Qf8+ Kh5 31. g4+ Kg5 32. Qd8+ Rf6 33. Qd2+
Rf4 34. Rf3 Ree4 35. Qd8+ f6 36. Qa5+ Kh6 37. Qd2 Qg5 38. Qd7 Qe5 39. Qg7+ Kg5
40. h4+ Kxg4 41. Rg3+ Kf5 42. Qd7+ Qe6 43. Qb5+ Re5 44. Qxb7 Rxh4+ 0-1

[Event "Druzynowe Mistrzostwa Polski - II Liga 2023"]
[Site "Jastrzebia Gora"]
[Date "1899-12-30"]
[Round "6.71"]
[White "Suska, Szymon"]
[Black "Kaniak, Monika"]
[Result "0-1"]
[WhiteTitle "I+"]
[BlackTitle "k"]
[WhiteElo "2058"]
[BlackElo "1796"]

1. Nf3 d5 2. g3 Nf6 3. Bg2 c6 4. O-O Bf5 5. d3 Nbd7 6. Nh4 Bg6 7. Nxg6 hxg6 8.
Nc3 e5 9. e4 d4 10. Ne2 Bd6 11. c3 c5 12. b4 b6 13. bxc5 bxc5 14. f4 Rb8 15. f5
Qa5 16. fxg6 fxg6 17. cxd4 cxd4 18. Bg5 O-O 19. Bh3 Nc5 20. Qc2 Be7 21. Qc4+ Kh7
22. Rab1 Rxb1 23. Rxb1 Qa3 24. Nc1 Ncxe4 25. Bxf6 Rxf6 26. Qc2 Nc3 27. Ra1 Bc5
28. Ne2 e4 29. Nf4 exd3 30. Qxd3 Rxf4 31. Bf1 Rf6 32. g4 Qb2 33. g5 Qf2+ 34. Kh1
Qf3+ 35. Qxf3 Rxf3 36. Kg2 Rf5 37. h4 Rf4 38. Bd3 Bd6 39. h5 Rg4+ 40. Kf2 Rxg5
41. hxg6+ Kh6 42. Rh1+ Rh5 43. Rg1 Rh2+ 44. Kf1 Rxa2 45. Rg4 Be5 46. Ke1 Kh5 47.
Bf5 d3 48. Bxd3 Kxg4 49. Kf1 Kf3 50. Kg1 Bd4+ 51. Kh1 Kg3 52. Bc2 Ra1+ 0-1

[Event "Druzynowe Mistrzostwa Polski - II Liga 2023"]
[Site "Jastrzebia Gora"]
[Date "1899-12-30"]
[Round "6.72"]
[White "Gluszko, Monika"]
[Black "Matskevich, Varvara"]
[Result "1-0"]
[WhiteTitle "k"]
[BlackTitle "I++"]
[WhiteElo "1915"]
[BlackElo "1690"]

1. e4 c5 2. Nf3 Nc6 3. d4 cxd4 4. Nxd4 Qb6 5. Nb3 Nf6 6. Nc3 e6 7. Bd3 Bb4 8. O-O
O-O 9. Be3 Qd8 10. f4 d5 11. e5 Nd7 12. Nb5 a6 13. N5d4 Nxd4 14. Bxd4 g6 15. Qg4
Qe7 16. Rf3 f5 17. exf6 Nxf6 18. Qg5 Nh5 19. Qh6 Nf6 20. Bxg6 Ng4 21. Bxh7+ Qxh7
22. Qg5+ Kf7 23. Qxg4 Rg8 24. Rh3 Qxc2 25. Qh5+ Qg6 26. Qxg6+ Rxg6 27. Rh7+ Kg8
28. Rh8+ Kf7 29. Rc1 Rg8 30. Rc7+ Kf8 31. Bg7+ 1-0

[Event "Druzynowe Mistrzostwa Polski - II Liga 2023"]
[Site "Jastrzebia Gora"]
[Date "1899-12-30"]
[Round "6.73"]
[White "Lis, Mateusz"]
[Black "Daniel, Damian"]
[Result "0-1"]
[WhiteTitle "k"]
[BlackTitle "CM"]
[WhiteElo "2043"]
[BlackElo "2114"]

1. e4 c5 2. Nf3 e6 3. d4 cxd4 4. Nxd4 Nc6 5. Nc3 Qc7 6. Be2 a6 7. Be3 Nf6 8. O-O
Bb4 9. Na4 O-O 10. Nxc6 bxc6 11. Qd4 Bd6 12. g3 Be5 13. Qd3 d5 14. Bb6 Qb7 15.
exd5 cxd5 16. Bd4 Bxd4 17. Qxd4 e5 18. Qd3 Qc6 19. Qa3 e4 20. Rac1 Bg4 21. f3
exf3 22. Bxf3 Rfe8 23. Nc5 Bxf3 24. Rxf3 Re2 25. Re3 Rxe3 26. Qxe3 Ng4 27. Qd4
Qh6 28. Re1 Qxh2+ 29. Kf1 Qh1+ 0-1

[Event "Druzynowe Mistrzostwa Polski - II Liga 2023"]
[Site "Jastrzebia Gora"]
[Date "1899-12-30"]
[Round "6.74"]
[White "Rychlik, Hanna"]
[Black "Grochol, Kamil"]
[Result "0-1"]
[WhiteTitle "k"]
[BlackTitle "I++"]
[WhiteElo "2026"]
[BlackElo "2093"]

1. Nf3 d5 2. d4 Nf6 3. g3 Bf5 4. Bg2 e6 5. c4 c6 6. O-O Be7 7. Nc3 h6 8. b3 Nbd7
9. Bb2 O-O 10. Rc1 Ne4 11. Nd2 Nxc3 12. Bxc3 Nf6 13. f3 c5 14. e3 Qb6 15. Qe2
Rfd8 16. Rfd1 Rac8 17. Bf1 Bg6 18. Qf2 cxd4 19. Bxd4 Bc5 20. Bxc5 Qxc5 21. Bh3
Bd3 22. Rc3 dxc4 23. Nxc4 Bxc4 24. Rxd8+ Rxd8 25. Rxc4 Rd1+ 26. Bf1 Qd6 27. Rd4
Rxd4 28. exd4 g5 29. Bc4 Kg7 30. Qe3 Qb4 31. Qe5 Qc3 32. f4 Qa1+ 33. Bf1 gxf4
34. g4 Qd1 35. h3 Qf3 36. Bg2 Qg3 37. Kf1 b6 38. b4 a5 39. bxa5 bxa5 40. a4 Qd3+
41. Kf2 Qd2+ 42. Kf3 Kg6 43. Qxf4 Qd1+ 44. Kg3 Qxa4 45. h4 Qb5 46. Bf3 Kg7 47.
g5 hxg5 48. hxg5 Nh7 49. Kh4 Nf8 50. Qf6+ Kg8 51. Be4 Qe2 52. Qf4 a4 53. d5 exd5
54. Bxd5 Ng6+ 0-1

[Event "Druzynowe Mistrzostwa Polski - II Liga 2023"]
[Site "Jastrzebia Gora"]
[Date "1899-12-30"]
[Round "6.75"]
[White "Kukula, Karol"]
[Black "Borowski, Przemyslaw"]
[Result "1/2-1/2"]
[WhiteTitle "I++"]
[BlackTitle "I"]
[WhiteElo "1978"]
[BlackElo "1794"]

1. e4 c6 2. d4 d5 3. exd5 cxd5 4. c4 Nf6 5. Nc3 g6 6. Nf3 Bg7 7. Be2 O-O 8. O-O
dxc4 9. Bxc4 Nbd7 10. Re1 Nb6 11. Bb3 e6 12. Bg5 h6 13. Bh4 g5 14. Bg3 a6 15.
Ne5 Nbd5 16. Rc1 Ne7 17. Bc2 b5 18. Qf3 Ra7 19. Qd3 Bb7 20. Ng4 Nf5 21. Nxf6+
Bxf6 22. Be5 Bxe5 23. dxe5 Qxd3 24. Bxd3 Nh4 25. Be4 b4 26. Na4 Bxe4 27. Rxe4
a5 28. Rd4 Ng6 29. Rc5 Raa8 30. g3 Rfd8 31. Rxd8+ Rxd8 32. Rxa5 Rd1+ 33. Kg2 Re1
34. Rb5 Ra1 35. Rxb4 Rxa2 36. f4 gxf4 37. gxf4 Nh4+ 38. Kf2 Ra1 39. Nc3 Rh1 40.
Kg3 Nf5+ 41. Kg2 Rc1 42. Ne4 Kg7 43. Rb8 Ne3+ 44. Kg3 Nd5 45. Nd6 Rg1+ 46. Kf2
Rg4 47. f5 Rf4+ 48. Kg3 exf5 49. Rb7 Rg4+ 50. Kf3 Rf4+ 51. Ke2 Kg6 52. Rxf7 Rb4
53. Rxf5 Rxb2+ 1/2-1/2

[Event "Druzynowe Mistrzostwa Polski - II Liga 2023"]
[Site "Jastrzebia Gora"]
[Date "1899-12-30"]
[Round "6.76"]
[White "Szmyd, Marek"]
[Black "Kalmuk, Krzysztof"]
[Result "1/2-1/2"]
[WhiteTitle "k"]
[BlackTitle "I++"]
[WhiteElo "1873"]
[BlackElo "1992"]

1. e4 c5 2. Nf3 e6 3. d4 cxd4 4. Nxd4 Nc6 5. Nc3 Qc7 6. Be3 a6 7. a3 Nf6 8. Be2
d6 9. O-O Bd7 10. f4 Nxd4 11. Qxd4 Bc6 12. Bf3 Be7 13. e5 dxe5 14. Bxc6+ Qxc6
15. fxe5 Nd7 16. Ne4 O-O 17. Bg5 Bxg5 18. Nxg5 h6 19. Nf3 Rad8 20. Rfd1 Qb6 21.
Qxb6 Nxb6 22. b3 a5 23. Kf2 a4 24. bxa4 Nxa4 25. Rd4 Rxd4 26. Nxd4 Nc3 27. Ke3
Rc8 28. Kd3 Nd5 29. g3 Rc3+ 30. Kd2 b6 31. a4 Rc4 32. Kd3 Rc5 33. c4 Nb4+ 34.
Kc3 Nd5+ 35. Kd3 Nb4+ 36. Kc3 Nd5+ 37. Kd3 Nb4+ 38. Kc3 Nd5+ 39. Kb3 Ne3 40. Kb4
Nd5+ 41. Kc3 Ne7 42. Kd3 Ng6 43. Rb1 b5 44. Rxb5 Nxe5+ 45. Rb6 1/2-1/2

[Event "Druzynowe Mistrzostwa Polski - II Liga 2023"]
[Site "Jastrzebia Gora"]
[Date "1899-12-30"]
[Round "6.77"]
[White "Zabron, Maksym"]
[Black "Czaplewska, Klara"]
[Result "1-0"]
[WhiteTitle "I++"]
[BlackTitle "k+"]
[WhiteElo "1993"]
[BlackElo "1844"]

1. d4 d5 2. c4 e6 3. cxd5 exd5 4. Nc3 Nf6 5. Bg5 Be7 6. e3 O-O 7. Qc2 h6 8. Bh4
Re8 9. Bd3 c5 10. Nge2 c4 11. Bf5 Nc6 12. a3 a6 13. O-O b5 14. Bxc8 Rxc8 15. Qf5
b4 16. axb4 Nxb4 17. Bxf6 Bxf6 18. Nf4 g6 19. Qh3 Bg5 20. Nfe2 Qd6 21. Qf3 Rcd8
22. Ra5 Re7 23. g3 Qb6 24. Rfa1 Red7 25. h4 Be7 26. Nf4 Qb7 27. Kh2 Kg7 28. Kh3
Qc6 29. Qg4 Rd6 30. Qf3 Qd7+ 31. Kg2 Qf5 32. e4 Qc8 33. e5 Rb6 34. Ncxd5 Nxd5
35. Nxd5 Rb7 36. Nxe7 Rxe7 37. Qf6+ 1-0

[Event "Druzynowe Mistrzostwa Polski - II Liga 2023"]
[Site "Jastrzebia Gora"]
[Date "1899-12-30"]
[Round "6.78"]
[White "Dranka, Jowita"]
[Black "Pisarek, Elzbieta"]
[Result "0-1"]
[WhiteTitle "I+"]
[BlackTitle "I++"]
[WhiteElo "1636"]
[BlackElo "1779"]

1. e4 c5 2. Nf3 d6 3. d4 cxd4 4. Nxd4 Nf6 5. Nc3 g6 6. Be2 Bg7 7. Be3 O-O 8. O-O
Nc6 9. Qd2 a6 10. f4 Qc7 11. Rad1 Bd7 12. Nb3 b5 13. Nd5 Nxd5 14. exd5 Nd8 15.
c3 Nb7 16. Bf3 Rac8 17. Qf2 Nc5 18. Nd4 Rfe8 19. Rfe1 Na4 20. Rc1 Rb8 21. Nb3
Nb6 22. Bxb6 Qxb6 23. Qxb6 Rxb6 24. Re2 Rbb8 25. Rce1 Kf8 26. Rc1 Rbc8 27. a3
Rc7 28. Na5 Rec8 29. Rce1 Bf6 30. g3 h5 31. h4 Rb8 32. Rd2 Rd8 33. Red1 Rdc8 34.
Kh2 Kg7 35. Bg2 Bg4 36. Bh3 Bxd1 37. Bxc8 Rxc8 38. Rxd1 Kf8 39. Nc6 e6 40. Nb4
a5 41. Nc6 exd5 42. Nxa5 d4 43. cxd4 Rc2+ 44. Kh3 Rxb2 45. Rd3 Ke8 46. Nc6 Kd7
47. Nb4 Bd8 48. Nd5 Kc6 49. Ne3 Ba5 50. Rd1 Rb3 51. Nc2 Rc3 52. Rc1 Kd5 53. Kg2
Kc4 54. Ne3+ Kxd4 55. Rxc3 Kxc3 56. f5 Kb3 57. fxg6 fxg6 58. Kf3 Kxa3 59. g4 hxg4+
60. Kxg4 Bd8 61. Nd5 b4 62. h5 gxh5+ 63. Kxh5 b3 64. Kg4 b2 65. Nc3 Bf6 0-1

[Event "Druzynowe Mistrzostwa Polski - II Liga 2023"]
[Site "Jastrzebia Gora"]
[Date "1899-12-30"]
[Round "6.79"]
[White "Rajlich, Vasik"]
[Black "Chaczynski, Kamil"]
[Result "1-0"]
[WhiteTitle "IM"]
[BlackTitle "k"]
[WhiteElo "2303"]
[BlackElo "2165"]

1. e4 e5 2. Nf3 Nc6 3. Bc4 Bc5 4. c3 Nf6 5. d3 O-O 6. b4 Be7 7. O-O d5 8. exd5
Nxd5 9. Re1 Bf6 10. Bb2 Nf4 11. g3 Nh3+ 12. Kg2 Bg4 13. Nbd2 Ng5 14. Qb3 Nxf3
15. Nxf3 Qd7 16. Nd2 Rad8 17. f3 Bh5 18. Ne4 Be7 19. a4 Kh8 20. g4 Bg6 21. Rad1
f5 22. Be6 Qe8 23. gxf5 Bxf5 24. Bxf5 Rxf5 25. Qe6 Qf7 26. Qxf7 Rxf7 27. b5 Na5
28. c4 Bb4 29. Ng5 Rfd7 30. Re4 h6 31. Ne6 Re8 32. Nf4 Kh7 33. Bxe5 c6 34. Rb1
Bd2 35. bxc6 bxc6 36. Rb2 Rxe5 37. Rxe5 Bc3 38. Rbe2 Bxe5 39. Rxe5 Nb3 40. h4
g6 41. Re6 Nd4 42. Rf6 g5 43. hxg5 hxg5 44. Ne6 Nxe6 45. Rxe6 Rxd3 46. Rxc6 Ra3
47. Ra6 Rc3 48. Rxa7+ Kg6 49. Ra6+ Kf7 50. Rc6 Ra3 51. Kg3 Rxa4 52. Kg4 Ra3 53.
Rc5 Ke6 54. Rxg5 Ra4 55. Rc5 Kd6 56. Rd5+ Ke6 57. Rd4 Ra5 58. Re4+ Kf6 59. Re3
Ra4 60. Rc3 Ke5 61. Rc1 Ra8 62. Kg3 Rg8+ 63. Kf2 Kd6 64. c5+ Kc6 65. f4 Rf8 66.
Kf3 Rf7 67. Ke4 Re7+ 68. Kd4 Rf7 69. Ke5 1-0

[Event "Druzynowe Mistrzostwa Polski - II Liga 2023"]
[Site "Jastrzebia Gora"]
[Date "1899-12-30"]
[Round "6.80"]
[White "Kempinski, Tomasz"]
[Black "Jarzebowski, Kacper"]
[Result "1-0"]
[WhiteTitle "FM"]
[BlackTitle "k+"]
[WhiteElo "2163"]
[BlackElo "2145"]

1. e4 c5 2. Nf3 e6 3. d4 cxd4 4. Nxd4 Nc6 5. Nc3 Qc7 6. Be3 Nf6 7. Qd2 a6 8. f3
b5 9. g4 d6 10. Nxc6 Qxc6 11. O-O-O Bb7 12. h4 Be7 13. h5 O-O-O 14. g5 Nd7 15.
Bh3 g6 16. Bd4 Rhg8 17. hxg6 hxg6 18. a3 Kb8 19. f4 Nc5 20. Rhe1 a5 21. b4 axb4
22. axb4 Na6 23. Bf1 Nc7 24. Qe2 e5 25. fxe5 dxe5 26. Bxe5 Bxg5+ 27. Kb1 Rge8
28. Bxc7+ Qxc7 29. Nxb5 Qe5 30. Qf2 Bf6 31. Qa7+ Kc8 32. Bh3+ Re6 33. Bxe6+ 1-0

[Event "Druzynowe Mistrzostwa Polski - II Liga 2023"]
[Site "Jastrzebia Gora"]
[Date "1899-12-30"]
[Round "6.81"]
[White "Maciaszek, Karol"]
[Black "Walkusz, Witoslaw"]
[Result "1/2-1/2"]
[WhiteTitle "I"]
[BlackTitle "FM"]
[WhiteElo "1889"]
[BlackElo "2038"]

1. d4 Nf6 2. Bg5 e6 3. e4 h6 4. Bxf6 Qxf6 5. Nc3 g6 6. Qd2 Bg7 7. O-O-O a6 8. g3
d6 9. f4 Nc6 10. e5 dxe5 11. dxe5 Qe7 12. Bd3 h5 13. Nf3 Bd7 14. Kb1 O-O-O 15.
Qe3 Kb8 16. a3 Bc8 17. Be4 Na7 18. h4 Rxd1+ 19. Rxd1 Rd8 20. Rxd8 Qxd8 21. Na4
Bf8 22. Ka2 Be7 23. Nc5 b6 24. Nb3 a5 25. c4 Ba6 26. Qc3 a4 27. Nbd2 Bb7 28. Bxb7
Kxb7 29. Ne4 Nc6 30. Nfg5 Bxg5 31. Nxg5 Qd1 32. Qf3 Qd7 33. Qe4 Kb8 34. Nxf7 Qd1
35. Qxc6 1/2-1/2

[Event "Druzynowe Mistrzostwa Polski - II Liga 2023"]
[Site "Jastrzebia Gora"]
[Date "1899-12-30"]
[Round "6.82"]
[White "Bartkowiak, Damian"]
[Black "Kicinski, Jacek"]
[Result "0-1"]
[WhiteTitle "k"]
[BlackTitle "I+"]
[WhiteElo "2074"]
[BlackElo "1929"]

1. d4 d5 2. c4 c6 3. Nf3 Nf6 4. g3 dxc4 5. Bg2 b5 6. O-O Bb7 7. Nc3 e6 8. e4 Be7
9. Ne5 Nbd7 10. f4 O-O 11. f5 Nxe5 12. dxe5 Bc5+ 13. Kh1 Qxd1 14. Nxd1 Ng4 15.
Bh3 Nxe5 16. Bf4 Nd3 17. fxe6 f6 18. Bf5 Rfe8 19. a4 a6 20. h4 b4 21. Rf3 Bc8
22. e5 Nxf4 23. Rxf4 Bxe6 24. Bxe6+ Rxe6 25. Rxc4 Rxe5 26. Rac1 Rd8 27. Kg2 Rdd5
28. R1c2 a5 29. b3 Kf7 30. Nf2 Bxf2 31. Kxf2 c5 32. Rg4 h5 33. Rgc4 Ke6 34. g4
Kd6 35. gxh5 Rxh5 36. Rg4 g5 37. hxg5 Rhxg5 38. Rh4 Rdf5+ 39. Ke3 Rg3+ 40. Ke4
Re5+ 41. Kf4 Rxb3 42. Rh8 Rb1 43. Rd2+ Ke7 44. Rdd8 Rf1+ 45. Kg3 Rg5+ 46. Kh2
c4 47. Rhe8+ Kf7 48. Rf8+ Kg6 49. Rg8+ Kf5 50. Rgf8 Rf2+ 51. Kh1 Rf4 52. Rh8 c3
53. Rc8 Rf1+ 54. Kh2 Rf2+ 55. Kh1 c2 56. Rc5+ Kg6 57. Rxc2 Rh5+ 58. Rxh5 Rxc2
59. Rxa5 b3 60. Rb5 b2 0-1

[Event "Druzynowe Mistrzostwa Polski - II Liga 2023"]
[Site "Jastrzebia Gora"]
[Date "1899-12-30"]
[Round "6.83"]
[White "Rajlich, Vaclav"]
[Black "Rusiniak, Slawomir"]
[Result "0-1"]
[WhiteTitle "I"]
[BlackTitle "k"]
[WhiteElo "1596"]
[BlackElo "2073"]

1. e4 g6 2. d4 Bg7 3. Nc3 c5 4. Be3 Nc6 5. dxc5 Nf6 6. f3 O-O 7. Bc4 Qa5 8. Qd2
Rd8 9. Nb5 a6 10. Nc3 d6 11. cxd6 Rxd6 12. Nd5 Nxd5 13. Qxa5 Nxa5 14. Bxd5 Bxb2
15. Rd1 e6 16. Bb3 Rxd1+ 17. Kxd1 Bd7 18. Ne2 Bb5 19. Bb6 Nc4 20. Bxc4 Bxc4 21.
Nc1 Rc8 22. a4 Rc6 23. a5 e5 24. Kd2 Ba3 25. Nd3 f6 26. Ra1 Bf8 27. Rb1 Bb5 28.
Rb3 Kf7 29. Rc3 Bh6+ 30. f4 exf4 31. Rxc6 Bxc6 32. Nc5 f3+ 33. Ke1 fxg2 34. Kf2
f5 35. Kxg2 Bxe4+ 36. Nxe4 fxe4 37. Kf2 Ke6 38. c4 Bf4 39. h3 Kf5 0-1

[Event "Druzynowe Mistrzostwa Polski - II Liga 2023"]
[Site "Jastrzebia Gora"]
[Date "1899-12-30"]
[Round "6.84"]
[White "Andrzejewska, Anna"]
[Black "Kicinska, Magdalena"]
[Result "1-0"]
[WhiteTitle "WCM"]
[BlackTitle "I++"]
[WhiteElo "1944"]
[BlackElo "1499"]

1. e4 c6 2. d4 d5 3. Nc3 dxe4 4. Nxe4 Nf6 5. Nxf6+ exf6 6. c3 Bd6 7. Bd3 O-O 8.
Ne2 Re8 9. O-O Bg4 10. Qc2 h5 11. h3 Be6 12. Nf4 h4 13. Nxe6 Rxe6 14. Bc4 Re8
15. Qg6 Qe7 16. Qh5 Nd7 17. Qxh4 c5 18. Bd2 cxd4 19. Rfe1 Qd8 20. cxd4 Nf8 21.
Bc3 Qb6 22. Qg4 Bb4 23. Bb3 Qa5 24. Qf3 Rac8 25. Qxb7 Rxe1+ 26. Rxe1 Qc7 27. Qxc7
Rxc7 28. Bxb4 1-0

[Event "Druzynowe Mistrzostwa Polski - II Liga 2023"]
[Site "Jastrzebia Gora"]
[Date "1899-12-30"]
[Round "6.85"]
[White "Darowicki, Mariusz"]
[Black "Dlugosz, Jedrzej"]
[Result "1-0"]
[WhiteTitle "I++"]
[BlackTitle "m"]
[WhiteElo "1906"]
[BlackElo "2326"]

1. e4 g6 2. d4 Bg7 3. Nc3 d6 4. Be3 a6 5. Nf3 Nf6 6. a4 O-O 7. h3 Nc6 8. d5 Nb4
9. Bd3 e6 10. dxe6 Bxe6 11. O-O Re8 12. Re1 d5 13. e5 Nd7 14. Bg5 Qb8 15. Bf4
c5 16. Rc1 Qc7 17. Bf1 Qc6 18. Qd2 Bf5 19. Nd1 Qxa4 20. b3 Qa3 21. Ne3 d4 22.
Nxf5 gxf5 23. Bh6 Nf8 24. Bxg7 Kxg7 25. Qg5+ Ng6 26. Nh4 Nd5 27. Nxf5+ Kh8 28.
Bc4 1-0

[Event "Druzynowe Mistrzostwa Polski - II Liga 2023"]
[Site "Jastrzebia Gora"]
[Date "1899-12-30"]
[Round "6.86"]
[White "Kindler, Przemyslaw"]
[Black "Wisniewski, Adam"]
[Result "0-1"]
[WhiteTitle "k"]
[BlackTitle "I+"]
[WhiteElo "1984"]
[BlackElo "1929"]

1. e4 e6 2. d4 d5 3. e5 c5 4. c3 Nc6 5. Nf3 Bd7 6. Na3 Qb6 7. Nc2 cxd4 8. cxd4
Nge7 9. Bd3 Nf5 10. O-O a5 11. Rb1 Be7 12. Kh1 h5 13. Re1 Nh6 14. Kg1 Rc8 15.
Bd2 Qd8 16. b4 axb4 17. Nxb4 Nxb4 18. Bxb4 Bxb4 19. Rxb4 Bc6 20. Nd2 Qg5 21. Nb3
O-O 22. Nc5 Ra8 23. Qb1 h4 24. h3 Ra3 25. Rb3 Rxb3 26. Qxb3 Qf4 27. Qb4 g5 28.
Re3 g4 29. Bh7+ Kg7 30. Nd3 Qg5 31. Ne1 Ra8 32. Bb1 gxh3 33. Rxh3 Ra4 34. Qc3
Rc4 35. Qd3 Nf5 36. Nf3 Rc1+ 37. Kh2 Qf4+ 38. g3 Qe4 39. Qd2 Rxb1 40. Qg5+ Kf8
41. g4 Nxd4 42. Qf6 Qxg4 43. Qh8+ Ke7 44. Qxh4+ Qxh4 45. Nxh4 Nf5 0-1

[Event "Druzynowe Mistrzostwa Polski - II Liga 2023"]
[Site "Jastrzebia Gora"]
[Date "1899-12-30"]
[Round "6.88"]
[White "Okrucinski, Tadeusz"]
[Black "Wisniewski, Szymon"]
[Result "1-0"]
[WhiteTitle "FM"]
[BlackTitle "I+"]
[WhiteElo "2168"]
[BlackElo "1754"]

1. d4 Nf6 2. Nf3 g6 3. c4 Bg7 4. Nc3 O-O 5. g3 d6 6. Bg2 Nc6 7. O-O e5 8. d5 Ne7
9. c5 e4 10. cxd6 Qxd6 11. Ng5 Nfxd5 12. Ngxe4 Nxc3 13. Nxd6 Nxd1 14. Nxc8 Raxc8
15. Rxd1 Rcd8 16. Bg5 f6 17. Bf4 c6 18. Bc7 Rc8 19. Rd7 Rf7 20. Ba5 Nf5 21. Rad1
Rcf8 22. Bb4 Rxd7 23. Rxd7 Rf7 24. Rd8+ Bf8 25. Rb8 b6 26. Bxc6 Kg7 27. Bc3 Bc5
28. e3 Rc7 29. Bd5 Ne7 30. Bb3 Bd6 31. Rd8 Be5 32. Bxe5 fxe5 33. Rd6 Nc6 34. Re6
Na5 35. Bd5 Rc2 36. b4 Nc4 37. Re7+ Kf6 38. Rf7+ Kg5 39. h4+ Kg4 40. Be6+ 1-0

[Event "Druzynowe Mistrzostwa Polski - II Liga 2023"]
[Site "Jastrzebia Gora"]
[Date "1899-12-30"]
[Round "6.89"]
[White "Mioduszewski, Szymon"]
[Black "Hiszczynski, Jakub"]
[Result "0-1"]
[WhiteTitle "II"]
[BlackTitle "I++"]
[WhiteElo "1534"]
[BlackElo "1858"]

1. e4 c5 2. Nf3 d6 3. d4 cxd4 4. Nxd4 Nf6 5. Nc3 a6 6. a4 e5 7. Nb3 Be6 8. Be2
Be7 9. Be3 Nc6 10. O-O Rc8 11. Nc1 O-O 12. Bf3 Nb4 13. Nd3 Nxd3 14. cxd3 d5 15.
Bd2 d4 16. Na2 a5 17. Qb1 Qb6 18. b4 Bxa2 19. Rxa2 Bxb4 20. Rb2 Rc3 21. Bxc3 dxc3
22. Rc2 Qd4 23. Be2 Nd7 24. Rd1 Nc5 25. Ra2 Rd8 26. Qc2 g6 27. Raa1 Kg7 28. Rf1
Ne6 29. g3 Qb6 30. Bd1 Qd6 31. Kg2 Qxd3 32. Qxd3 Rxd3 33. Bc2 Rd2 34. Rfc1 Bc5
35. Ra2 Rxf2+ 36. Kh1 Nd4 37. Bb1 Rxa2 38. Bxa2 c2 39. Bb3 Nxb3 40. Rxc2 b6 41.
Kg2 Kf6 42. g4 Ke6 43. h4 h6 44. g5 hxg5 45. hxg5 Nd4 46. Rf2 Ke7 47. Rf1 Ne6
48. Re1 Nxg5 0-1

[Event "Druzynowe Mistrzostwa Polski - II Liga 2023"]
[Site "Jastrzebia Gora"]
[Date "1899-12-30"]
[Round "6.90"]
[White "Kindler, Karolina"]
[Black "Lukasiewicz, Anna"]
[Result "1-0"]
[WhiteTitle "I++"]
[BlackTitle "m"]
[WhiteElo "1808"]
[BlackElo "1805"]

1. d4 d5 2. Nf3 Nf6 3. c4 e6 4. cxd5 exd5 5. Nc3 c6 6. Bg5 Be7 7. e3 Bf5 8. Bd3
Bxd3 9. Qxd3 Nbd7 10. O-O O-O 11. Rab1 a5 12. a3 Ne4 13. Bxe7 Qxe7 14. Qc2 f5
15. b4 axb4 16. axb4 Ng5 17. Nxg5 Qxg5 18. Ne2 Rf6 19. b5 Rh6 20. bxc6 bxc6 21.
Rb7 Rd8 22. Rc7 Qf6 23. Ng3 Qd6 24. Ra7 g6 25. Rc1 Nb8 26. Qc5 Qxc5 27. Rxc5 Rh4
28. f4 Rf8 29. Ra8 Kg7 30. Rc3 Rg4 31. Rb3 Nd7 32. Ra7 Rf7 33. Rbb7 1-0

[Event "Druzynowe Mistrzostwa Polski - II Liga 2023"]
[Site "Jastrzebia Gora"]
[Date "1899-12-30"]
[Round "6.91"]
[White "Siwiec, Arkadiusz"]
[Black "Kutowski, Marcel"]
[Result "0-1"]
[WhiteTitle "I++"]
[BlackTitle "k"]
[WhiteElo "2211"]
[BlackElo "2170"]

1. d4 Nf6 2. c4 e6 3. Nc3 Bb4 4. Qc2 O-O 5. Nf3 d5 6. a3 Bxc3+ 7. Qxc3 Ne4 8. Qc2
Nd7 9. e3 b6 10. cxd5 exd5 11. Qc6 Rb8 12. Qxd5 Bb7 13. Qf5 Re8 14. Bb5 Re6 15.
Bxd7 Qxd7 16. O-O Qe8 17. Ne5 Rd8 18. f3 f6 19. Ng4 Rd5 20. Qf4 Nd6 21. b3 h5
22. Nf2 Rf5 23. Qh4 Qg6 24. d5 Rxd5 25. e4 Rb5 26. Nd3 Qe8 27. b4 Nxe4 28. fxe4
Rxe4 29. Re1 Rbe5 30. Bf4 g5 31. Qg3 h4 32. Qf2 Rxe1+ 33. Nxe1 Re2 34. Qf1 gxf4
35. h3 Qe3+ 36. Kh2 Qg3+ 37. Kg1 Qe3+ 38. Kh2 f3 39. Rd1 Qe5+ 40. Kg1 f2+ 0-1

[Event "Druzynowe Mistrzostwa Polski - II Liga 2023"]
[Site "Jastrzebia Gora"]
[Date "1899-12-30"]
[Round "6.92"]
[White "Wilk, Igor"]
[Black "Jankowiak, Tomasz"]
[Result "1/2-1/2"]
[WhiteTitle "I++"]
[BlackTitle "CM"]
[WhiteElo "2166"]
[BlackElo "2174"]

1. e4 c6 2. d4 d5 3. Nc3 dxe4 4. Nxe4 Nf6 5. Nxf6+ exf6 6. c3 Bd6 7. Bd3 O-O 8.
Ne2 Re8 9. O-O Nd7 10. Bf4 Nf8 11. Qd2 Ng6 12. Bxd6 Qxd6 13. Rfe1 Be6 14. Ng3
Nf4 15. Re4 Nxd3 16. Qxd3 g6 17. Qd2 Bd5 18. Rxe8+ Rxe8 19. b3 f5 20. Re1 Rxe1+
21. Qxe1 f4 22. Qe8+ Kg7 23. Ne4 Bxe4 24. Qxe4 Qa3 25. Qc2 Qe7 26. Qd2 f5 27.
h3 g5 28. c4 Kf6 29. Kf1 Qe4 30. Kg1 f3 31. gxf3 Qxf3 32. Kh2 Kf7 33. Qxg5 Qxf2+
34. Kh1 Qf1+ 35. Kh2 Qf2+ 36. Kh1 Qf1+ 37. Kh2 1/2-1/2